| 000 | 00493nam a2200205Ia 4500 | ||
|---|---|---|---|
| 003 | OSt | ||
| 005 | 20260210114918.0 | ||
| 008 | 210210b2005 xxu||||| |||| 00| 0 eng d | ||
| 020 | _a0 385 60790 3 | ||
| 040 | _cAL | ||
| 041 | _aEnglish | ||
| 082 | _a823.087 PAOE | ||
| 100 |
_aChristopher Paolini _9254290 |
||
| 245 | _aEldest Inheritance book two. | ||
| 260 |
_aLondon _bDoubleday _c2005 |
||
| 300 | _a681 | ||
| 690 |
_aEnglish Fiction _9254291 |
||
| 906 | _aSG04620 | ||
| 942 |
_2ddc _cSG |
||
| 999 |
_c115153 _d115153 |
||